| 000 | 00415nam a2200145Ia 4500 | ||
|---|---|---|---|
| 008 | 220217s9999||||xx |||||||||||||| ||und|| | ||
| 020 | _a978-81-3173-237-3 | ||
| 082 | _a621.382 BHA | ||
| 100 | _aBhat, Hari, K.N and Rao, Ganesh, D | ||
| 245 | 0 | _aDigital communication | |
| 250 | _a3rd | ||
| 260 |
_aPearson education _bNew Delhi _c2009 |
||
| 300 |
_aXIII,510p.;28cm _b385 |
||
| 650 | _aCOMMUNICATION SYSTEM | ||
| 999 |
_c181441 _d181441 |
||